|
|
|
|
| LEADER |
00000cam a2200000 4500 |
| 001 |
vtls012245160 |
| 003 |
SK-MaSNL |
| 005 |
20260301033019.0 |
| 008 |
231201s2023 xo oa f np 000 0 slo |
| 015 |
|
|
|a SNBA2024/02
|
| 020 |
|
|
|a 9788010042661
|q (brožované)
|
| 040 |
|
|
|a SNK
|b slo
|c SNK
|e rda
|
| 041 |
0 |
|
|a slo
|
| 044 |
|
|
|a xo
|c SK
|
| 072 |
|
7 |
|a 37
|x Výchova a vzdelávanie
|2 konspekt
|
| 072 |
|
7 |
|a 37.016
|x Učebné osnovy. Vyučovacie predmety. Učebnice
|2 konspekt
|
| 080 |
|
|
|a 37.017.4
|2 2011
|
| 080 |
|
|
|a 159.9
|2 2011
|
| 080 |
|
|
|a 316
|2 2011
|
| 080 |
|
|
|a 33
|2 2011
|
| 080 |
|
|
|a 321
|2 2011
|
| 080 |
|
|
|a (075.3)
|2 2011
|
| 100 |
1 |
|
|a Ďurajková, Daniela
|4 aut
|9 258205
|
| 245 |
1 |
0 |
|a Občianska náuka
|b pre 3. ročník gymnázia
|c Daniela Ďurajková, Helena Kopecká, Dáša Vargová
|
| 250 |
|
|
|a Piate, prepracované vydanie
|
| 264 |
|
1 |
|a Bratislava
|b Slovenské pedagogické nakladateľstvo
|c 2023
|
| 300 |
|
|
|a 215 strán
|b fotografie, grafy, ilustrácie, schémy, tabuľky
|c 24 cm
|
| 336 |
|
|
|a text
|b txt
|2 rdacontent
|
| 336 |
|
|
|a a statický obraz
|b sti
|2 rdacontent
|
| 337 |
|
|
|a bez média
|b n
|2 rdamedia
|
| 338 |
|
|
|a zväzok
|b nc
|2 rdacarrier
|
| 504 |
|
|
|a Obsahuje bibliografiu na strane 213-215
|
| 650 |
0 |
7 |
|a náuka o spoločnosti
|2 SNKPH
|9 67462
|
| 650 |
0 |
7 |
|a psychológia
|2 SNKPH
|9 807
|
| 650 |
0 |
7 |
|a sociológia
|2 SNKPH
|9 1010
|
| 650 |
0 |
7 |
|a ekonómia
|2 SNKPH
|9 788
|
| 650 |
0 |
7 |
|a politológia
|2 SNKPH
|9 4684
|
| 650 |
0 |
7 |
|a Civics
|2 SNKPHeng
|9 331339
|
| 650 |
0 |
7 |
|a Psychology
|2 SNKPHeng
|9 265291
|
| 650 |
0 |
7 |
|a Sociology
|2 SNKPHeng
|9 265226
|
| 650 |
0 |
7 |
|a Economics
|2 SNKPHeng
|9 265310
|
| 650 |
0 |
7 |
|a Political science
|2 SNKPHeng
|9 265833
|
| 655 |
|
7 |
|a učebnice stredných škôl
|2 SNKPH
|9 69323
|
| 655 |
|
7 |
|a Textbooks (secondary)
|2 SNKPHeng
|9 276359
|
| 700 |
1 |
|
|a Kopecká, Helena,
|d 1955-
|4 aut
|9 255555
|
| 700 |
1 |
|
|a Vargová, Dáša,
|d 1953-
|4 aut
|9 236960
|
| 700 |
1 |
|
|a Žitňanová, Tatiana,
|d 1956-
|4 ill
|9 86022
|
| 710 |
2 |
|
|a Slovenské pedagogické nakladateľstvo - Mladé letá
|4 pbl
|9 211357
|
| 852 |
|
|
|a Slovenská národná knižnica
|
| 919 |
|
|
|a 978-80-10-04266-1
|
| 954 |
|
|
|a odborná, vedecká literatúra pôvodná (slovenská)
|2 lita
|
| 958 |
|
|
|a NB
|
| 999 |
|
|
|c 579366
|d 581296
|
| 952 |
|
|
|a SNK
|b SNK
|y PREZ
|7 0
|p 17A1541638
|o snkSC 205101
|i snk2024/1957
|8 0
|0 0
|1 0
|4 0
|d 2024-02-05
|f 1
|l 0
|r 2025-10-28 00:00:00
|w 2026-02-23
|